ESSENTIALS OF HUMAN ANATOMY AND PHYSIOLOGY (Record no. 193936)
[ view plain ]
| 000 -LEADER | |
|---|---|
| fixed length control field | 00257nam a2200097Ia 4500 |
| 050 ## - LIBRARY OF CONGRESS CALL NUMBER | |
| Classification number | QP34.5.M37.C.6 |
| 100 ## - MAIN ENTRY--PERSONAL NAME | |
| Personal name | ELAINE NICPON MARIEB |
| 245 #0 - TITLE STATEMENT | |
| Title | ESSENTIALS OF HUMAN ANATOMY AND PHYSIOLOGY |
| 942 ## - ADDED ENTRY ELEMENTS (KOHA) | |
| Koha item type | Long Loan Book |
| Withdrawn status | Lost status | Source of classification or shelving scheme | Damaged status | Not for loan | Collection | Home library | Current library | Date acquired | Inventory number | Total checkouts | Full call number | Barcode | Date last seen | Date last checked out | Copy number | Price effective from | Koha item type |
|---|---|---|---|---|---|---|---|---|---|---|---|---|---|---|---|---|---|
| Library of Congress Classification | Medicine | Kisii University Library | Kisii University Library | 09/15/2023 | 57869 | 3 | QP34.5M37 2002 | 000000003620 | 04/08/2025 | 03/26/2025 | 6 | 09/15/2023 | Long Loan Book | ||||
| Library of Congress Classification | Medicine | Kisii University Library | Kisii University Library | 10/24/2023 | 59717 | 1 | QP 34.5 .M37 1993 | 033642 | 07/23/2024 | 07/10/2024 | C.1 | 10/24/2023 | Long Loan Book |